000 00635nam a2200205Ia 4500
005 20250508165923.0
008 008 250505s9999 xx 000 0 eng d
020 _a0-02-422861-3
037 _aTextBook
040 _aFEDL
_beng
_cFEDL
041 _aeng
_2eng
084 _a370.19, LEO/R
_qFEDL
100 _aLeonardo Zeus Ed.
_9295707
245 0 _aCritical pedagogy and race
260 _aMalden, USA
_bBlackwell Publishing
_c2005
300 _axv, 232p.
546 _aPhotocopy and gifted by H.O.D. Namita Ranganathan in memory of Prof. Arvind Gaysu
942 _cTB
_h370.19, LEO/R
999 _c1398194
_d1398194